Online Catalogue and eLibrary

Handbook for estate creche workers (Record no. 2726)

MARC details
000 -LEADER
fixed length control field 00409nam a2200157Ia 4500
005 - DATE AND TIME OF LATEST TRANSACTION
control field 20240502025946.0
008 - FIXED-LENGTH DATA ELEMENTS--GENERAL INFORMATION
fixed length control field 240331s9999 xx 000 0 und d
020 ## - INTERNATIONAL STANDARD BOOK NUMBER
ISBN
082 ## - DDC Classification
Item Number - Author Mark HAN
Class No. 1979
100 ## - MAIN ENTRY--PERSONAL NAME
Personal name Sri Lanka school work, d
245 #0 - TITLE STATEMENT
Title Handbook for estate creche workers
260 ## - PUBLICATION, DISTRIBUTION, ETC.
Place of publication, distribution, etc. colombo
Name of publisher, distributor, etc. The Sri Lanka school of social work
Date of publication, distribution, etc. 1979
300 ## - PHYSICAL DESCRIPTION
Extent (e.g. Volumes, Pages etc.) 100 p .,
650 ## - SUBJECT ADDED ENTRY--TOPICAL TERM
Topical term or geographic name entry element Social
942 ## - Koha item type (Biblio)
Koha item type Books in Stacks (Lending)
Holdings
Lost status Damaged status Collection code Home library Current library Shelving location Date acquired Full call number Accession Number Item type
    Lending WERC Library WERC Library Social Science Cupboard 03/31/2024 331.62 HAN 172 Books in Stacks (Lending)

© WERC Library